LEGO Dimensions Characters - Statistics

General Stats
  • This quiz has been taken 735 times
    622 since last reset
  • The average score is 29 of 51
Answer Stats
Hint Answer % Correct
Starter Pack - DC Batman
97%
Starter Pack - LOTR Gandalf
88%
Wave 1 - Scooby Doo Scooby Doo
82%
Wave 1 - Simpsons Homer Simpson
80%
Wave 1 - LEGO Movie Emmet
77%
Wave 1 - Scooby Doo Shaggy Rogers
76%
Wave 4 - DC Superman
73%
Wave 2 - Simpsons Bart Simpson
72%
Wave 6 - Harry Potter Harry Potter
69%
Wave 2 - LEGO Ninjago Kai
69%
Wave 1 - DC Wonder Woman
68%
Wave 1 - LEGO Ninjago Jay
67%
Wave 2 - LEGO Ninjago Cole
63%
Wave 6 - Adventure Time Finn the Human
63%
Wave 3 - DC The Joker
63%
Wave 1 - LEGO Ninjago Zane
63%
Wave 6 - Adventure Time Jake the Dog
62%
Wave 1 - BTTF Marty McFly
62%
Starter Pack - LEGO Movie Wyldstyle
61%
Wave 1 - Wizard Of Oz Wicked Witch
60%
Wave 2 - LEGO Movie Unikitty
59%
Wave 1 - LEGO Movie Benny
58%
Wave 1 - DC Cyborg
58%
Wave 2 - Simpsons Krusty the Clown
58%
Wave 1 - LOTR Legolas
58%
Wave 6 - Harry Potter Lord Voldemort
56%
Wave 3 - DC Harley Quinn
53%
Wave 1 - LEGO Ninjago Nya
53%
Wave 2 - Doctor Who The Doctor
53%
Wave 1 - LOTR Gollum
52%
Wave 5 - LEGO Ninjago Lloyd
52%
Wave 1- LOTR Gimli
51%
Wave 4 - DC Aquaman
50%
Wave 5 - Ghostbusters Slimer
50%
Wave 1 - Portal 2 Chell
49%
Wave 3 - BTTF Doc Brown
49%
Wave 1 - LEGO Movie Bad Cop
48%
Wave 1 - Jurassic World Owen Grady
47%
Wave 3 - LEGO Ninjago Sensei Wu
46%
Wave 3 - Doctor Who Cyberman
44%
Wave 1 - LEGO Chima Laval
44%
Wave 5 - DC Bane
41%
Wave 1 - LEGO Chima Eris
41%
Wave 1 - LEGO Chima Cragger
39%
Wave 3 - Ghostbusters Peter Venkman
39%
Wave 6 - Mission Impossible Ethan Hunt
38%
Wave 1 - Jurassic World ACU
37%
Wave 4 - Ghostbusters Stay Puft
35%
Wave 4 - Midway Arcade Gamer Kid
31%
Wave 6 - Adventure Time Lumpy Space Princess
30%
Wave 6 - Ghostbusters (Reboot) Abby Yates
24%
No matching quizzes found
Score Distribution
Percent of People with Each Score
Percentile by Number Answered
Your Score History
You have not taken this quiz since the last reset